| 000 | 00610nam a2200217Ia 4500 | ||
|---|---|---|---|
| 001 | 12633 | ||
| 003 | GE_BSU | ||
| 008 | 181216s||||||||xx |||||||||||||| ||und|| | ||
| 040 | _cGE_BSU | ||
| 080 | _a634.8(035) | ||
| 100 | _aПелях,М.А. | ||
| 245 | _aСправочник виноградара | ||
| 245 | _cОтв.ред. А.М.Негруля. Ред. В.А. Рассошанский | ||
| 260 | _aМосква | ||
| 260 | _bКолос | ||
| 260 | _c1971 | ||
| 300 | _a343стр.22см.илл. | ||
| 300 | _eТаблицы | ||
| 653 | _aСправочник виноградара | ||
| 942 | _cBK | ||
| 999 |
_c45805 _d45805 |
||